000 00290nam a22001337a 4500
003 SGT
082 _a340,SAX
100 _aSAXENA,P.P.
245 _aFAMILY LAW LECTURES (FAMILY -2)
260 _aNEW DELHI
_bLEXIS NEXIS
_c2004
300 _a685
650 _aFAMILY LAW
942 _2ddc
_cBK
_01
999 _c11256
_d11256